000 00653nam a2200229 a 4500
999 _c2494
_d2494
001 2494
003 BD-JhCC
005 20171105102304.0
008 171102s1372 bg ||||| |||| 00| 0 ben d
035 _a(BD-JhCC)2494
040 _aBD-JhCC
_dBD-JhCC
041 _aben
082 _a891.733
_bLID 1372
100 _aলিডভ, পি.
245 _aতানিয়া /
_cপি. লিডভ; আহমদ ছফা (অনু.)
260 _aঢাকা :
_bমুক্তধারা,
_c1372.
300 _a45 p. :
_c21 cm.
650 _aWomen Fiction
_xRussian
700 _aছফা, আহমদ
942 _2ddc
_cBK